Сказания и повести о местночтимых святых и чудотворных иконах Вычегодско-Северодвинского края XVI-XVIII веков (Запись № 1974287)

Подробности
000 -МАРКЕР
контрольное поле 01581nam0a2200337 4500
001 - ИДЕНТИФИКАТОР ЗАПИСИ
контрольное поле RU\NLR\bibl\1828138
005 - ИДЕНТИФИКАТОР ВЕРСИИ
контрольное поле 20260405085842.0
010 ## - МЕЖДУНАРОДНЫЙ СТАНДАРТНЫЙ НОМЕР КНИГИ (ISBN)
Номер (ISBN) 978-5-91476-006-6
Тираж 800
021 ## - НОМЕР ГОСУДАРСТВЕННОЙ РЕГИСТРАЦИИ
Код страны Российская Федерация
Номер 2011-97144
Номер Листа государственной регистраци 6959
035 ## - ДРУГИЕ СИСТЕМНЫЕ НОМЕРА
Идентификатор записи (NLR Aleph) 001818656
100 ## - ДАННЫЕ ОБЩЕЙ ОБРАБОТКИ
Данные общей обработки 20111007d2011 |||y0rusy50 ca
101 0# - ЯЗЫК РЕСУРСА
Язык текста, звукозаписи и т.д. русский
102 ## - СТРАНА ПУБЛИКАЦИИ ИЛИ ПРОИЗВОДСТВА
Страна публикации Российская Федерация
105 ## - ПОЛЕ КОДИРОВАННЫХ ДАННЫХ: ТЕКСТОВЫЕ МАТЕРИАЛЫ, МОНОГРАФИЧЕСКИЕ
Кодированные данные о монографическом текстовом документе ah |||||||||
200 1# - ЗАГЛАВИЕ И СВЕДЕНИЯ ОБ ОТВЕТСТВЕННОСТИ
Основное заглавие Сказания и повести о местночтимых святых и чудотворных иконах Вычегодско-Северодвинского края XVI-XVIII веков
Сведения, относящиеся к заглавию тексты и исследования
Первые сведения об ответственности А.Н. Власов
Последующие сведения об ответственности Ин-т рус. лит. (Пушкин. Дом) Рос. Акад. наук
210 ## - ПУБЛИКАЦИЯ, РАСПРОСТРАНЕНИЕ И ДР.
Место издания, распространения и т.д. Санкт-Петербург
Имя издателя, распространителя и т. д. Пушкинский Дом
Дата издания, распространения и т.д. 2011
215 ## - ФИЗИЧЕСКАЯ ХАРАКТЕРИСТИКА
Специфическое обозначение материала и объем 780, [1] с., [9] л. ил., цв. ил., факс.
Размеры 24
300 ## - ОБЩИЕ ПРИМЕЧАНИЯ
Текст примечания На обл. авт. не указан
320 ## - ПРИМЕЧАНИЯ О НАЛИЧИИ В ДОКУМЕНТЕ БИБЛИОГРАФИИ / УКАЗАТЕЛЯ
Текст примечания Библиогр.: с. 772-778
606 1# - НАИМЕНОВАНИЕ ТЕМЫ КАК ПРЕДМЕТ
Наименование темы Святые православные русские
Системный номер авторитетной/нормативной записи 2175888
Идентификатор авторитетной/нормативной записи RU\NLR\auth\661308671
606 1# - НАИМЕНОВАНИЕ ТЕМЫ КАК ПРЕДМЕТ
Наименование темы Иконы православные чудотворные
Системный номер авторитетной/нормативной записи 2133641
Идентификатор авторитетной/нормативной записи RU\NLR\auth\661286881
686 ## - ИНДЕКСЫ ДРУГИХ КЛАССИФИКАЦИЙ
Индекс Э372.24-574.3
700 #1 - ИМЯ ЛИЦА - ПЕРВИЧНАЯ ОТВЕТСТВЕННОСТЬ
Код отношения Автор
Материалы, к которым относится поле rus
Графика поля Кириллица
Начальный элемент ввода Власов
Часть имени, кроме начального элемента ввода А. Н.
Дополнения к именам, кроме дат д-р филол. наук, фольклорист
Даты 1955-
Расширение инициалов личного имени Андрей Николаевич
Идентификатор авторитетной/нормативной записи RU\NLR\auth\7731703
Системный номер авторитетной/нормативной записи 14713
801 #0 - ИСТОЧНИК ЗАПИСИ
Страна Российская Федерация
Организация NLR
Дата составления 20111007
Правила каталогизации RCR
801 #1 - ИСТОЧНИК ЗАПИСИ
Страна Российская Федерация
Организация NLR
Дата составления 20111007
942 ## - ДОПОЛНИТЕЛЬНЫЕ ЭЛЕМЕНТЫ ЗАПИСИ (АБИС)
Тип экземпляра АБИС Книга
980 ## - КОЛЛЕКЦИЯ
Название коллекции Национальная библиография
980 ## - КОЛЛЕКЦИЯ
Название коллекции НБР
Экземпляры
Тип экземпляра Дата поступления Источник поступления Библиотека постоянного хранения Библиотека текущего хранения Место хранения Шифр хранения Штрих-код Статус экземпляра Стоимость
Книга 01.11.2011 Контрольный экземпляр из типографии РНБ (Московский) РНБ (Московский) Русский книжный фонд: издания с 1957 года 2011-7/5634 1-1762304    
Книга 21.12.2011 Обязательный экземпляр РНБ (Московский) РНБ (Московский) Русский книжный фонд: издания с 1957 года 2011-7/5634 3563216    
Книга 21.12.2011 Обязательный экземпляр РНБ (Садовая) РНБ (Садовая) Фонд международного книгообмена   3563218    
Книга 16.10.2012 Дар РНБ (Садовая) РНБ (Садовая) Фонд рукописей, подсобный   3748095   100.00
Книга 05.02.2015 Покупка РНБ (Садовая) РНБ (Садовая) Фонд международного книгообмена   1-646408   420.00
Книга 24.02.2015 Покупка РНБ (Садовая) РНБ (Садовая) Фонд международного книгообмена   1-646630 Доставлен в Фoнд 400.00
Книга 12.05.2015 Покупка РНБ (Садовая) РНБ (Садовая) Фонд международного книгообмена   1-129208 Готов к отправке заказом МКО 420.00